000 01981nam a2200853Ia 4500
001 11316
008 191123s9999 xx 000 0 und d
041 _aspa
044 _asp
100 _aAguado Bleye, Pedro,
245 0 _aManual de historia de España :
_bPrehistoria, Edades Antiguas y Media.
260 _aMadrid :
_bEspasa Calpe,
_c1947.
300 _a1063 p.
_bilustrado
500 _aDonación arquitecto Jorge Santas
504 _abibliografía pp. 1047-1051
650 _aACUEDUCTOS
650 _aARABIA
650 _aARQUITECTURA
650 _aARQUITECTURA ROMANICA
650 _aARTE
650 _aARTE IBERICO
650 _aARTES DECORATIVAS
650 _aARTES INDUSTRIALES
650 _aCARTAGINESES
650 _aCELTAS
650 _aCIUDADES
650 _aCLAUSTROS
650 _aEDAD DE BRONCE
650 _aEDAD DE HIERRO
650 _aEDAD DE PIEDRA
650 _aEDIFICIOS PUBLICOS
650 _aESCRITURA
650 _aESCULTURA
650 _aESPAÑA-HISTORIA
650 _aFENICIOS
650 _aGRIEGOS
650 _aIGLESIA
650 _aISLAM
650 _aITALIA
650 _aLA GUERRA SANTA
650 _aMETALES
650 _aMONARQUIA
650 _aMONUMENTOS
650 _aMOSAICOS
650 _aMURALLAS
650 _aMUSULMANES
650 _aNECROPOLIS
650 _aNEOLITICO
650 _aORFEBRERIA
650 _aORIGENES
650 _aPALEOLITICO
650 _aPINTURA
650 _aPINTURA GOTICA
650 _aPUEBLOS ORIGINARIOS
650 _aPUENTES
650 _aPUERTOS
650 _aRELIGION
650 _aROMA
650 _aSARCOFAGOS
650 _aSEPULCROS
650 _aTERMAS
650 _aVASCOS
650 _aVISIGODOS
902 _aM
903 _am
904 _am
905 _aTomo 1
907 _aimpreso
911 _ailustrado
912 _a1947
942 _cLIBRO
999 _c8991
_d8991
550 _ailustrado